[Event "Elista ol (Men)"]
[Site "Elista"]
[Date "1998.09.30"]
[Round "2"]
[White "Villamayor, Bong"]
[Black "Sadvakasov, Darmen"]
[Result "1/2-1/2"]
[WhiteElo "2280"]
[BlackElo "2440"]

1.Nf3 c5 2.c4 Nf6 3.g3 b6 4.Bg2 Bb7 5.O-O e6 6.Nc3 Be7 7.d4 cxd4 8.Qxd4 d6
9.Rd1 a6 10.b3 Nbd7 11.e4 O-O 12.Ba3 Nc5 13.e5 dxe5 14.Qxd8 Rfxd8 15.Nxe5 Bxg2
16.Kxg2 Bf8 17.Bxc5 Bxc5 18.Na4 Kf8 19.b4 Rxd1 20.Rxd1 Bxb4 21.Nxb6 Re8 22.c5 Bc3
23.Nec4 Re7 24.Rd8+ Re8 25.Rd3 Bb4 26.c6 Nd5 27.Nxd5 exd5 28.Nb6 Ba5 29.Nd7+ Ke7
30.Rxd5 Bc7 31.Nc5 Rc8 32.Rd7+ Ke8 33.Nb7 Kf8 34.Rd2 Bb6 35.Rd6 Rc7 36.Rd8+ Ke7
37.Ra8 Rxc6 38.Rxa6 Kd7 39.Na5 Bxa5 40.Rxa5 Rc3 41.Rd5+ Ke6 42.Rd2 g5 43.Rb2 Ra3
44.Rb6+ Kf5 45.Rh6 Rxa2 46.Rxh7 Kg6 47.Rh8 Kg7 48.Rb8 Ra3 49.h4 gxh4 50.gxh4 Kg6
51.f3 Ra4 52.Kg3 Rc4 53.Rb6+ f6 54.Rb5 Ra4 55.h5+ Kh6 56.f4 Ra1 57.Kg4 Rh1
58.Rb8 Kg7 59.Rb7+ Kf8 60.Rh7 Kg8 61.Ra7 Kf8 62.Kf5 Rxh5+ 63.Kg6 Rb5 64.f5 Rb1
65.Ra6 Rh1 66.Rxf6+ Kg8 67.Ra6 Rg1+ 68.Kf6 Rf1 69.Ra8+ Kh7 70.Re8 Ra1 71.Re7+ Kg8
72.Re8+ Kh7 73.Kf7 Ra5 74.f6 Ra7+ 75.Ke6 Ra6+ 76.Kf7 Ra7+ 77.Re7 Ra8 78.Rd7 Kh6
79.Rd1 Ra7+ 80.Ke6 Ra6+ 81.Rd6 Ra7 82.Rd7 Ra8 83.Kf7 Kh7 84.Re7 Kh6 85.Re6 Kh7  1/2-1/2

[Event "Elista ol (Men)"]
[Site "Elista"]
[Date "1998.10.03"]
[Round "5"]
[White "Daly, Colin"]
[Black "Munoz, Hugo"]
[Result "1/2-1/2"]
[WhiteElo "2295"]
[BlackElo "2290"]

1.c4 Nf6 2.Nf3 e6 3.g3 b6 4.Bg2 Bb7 5.O-O c5 6.b3 Be7 7.Bb2 d6 8.Nc3 a6 9.e3 O-O
10.d4 Nbd7 11.Qe2 Qc7 12.Rfd1 Rfe8 13.Rac1 Rac8 14.h3 Qb8 15.e4 cxd4 16.Nxd4 Qa8
17.Re1 Bf8 18.Qd3 Nc5 19.Qb1 d5 20.cxd5 exd5 21.e5 Nfe4 22.b4 Nxc3 23.Rxc3 Ne4
24.Rxc8 Qxc8 25.a3 Rxe5 26.Rc1 Qd7 27.Nf3 Re8 28.Bd4 Qd6 29.Qc2 Rc8 30.Qxc8 Bxc8
31.Rxc8 f6 32.Bf1 a5 33.Be3 axb4 34.axb4 Qxb4 35.Rb8 Qa3 36.Kg2 g5 37.Rxb6 Bc5
38.Rb8+ Kf7 39.Rb7+ Kg6 40.Bxc5 Qxc5 41.Rb2 Qc3 42.Re2 h5 43.Re3 Qb2 44.Re2 Qb6
45.Re3 g4 46.hxg4 hxg4 47.Ne1 f5 48.Nd3 d4 49.Re2 Qb7 50.Nf4+ Kf6 51.Kh2 Ng5
52.Bg2 Ne4 53.Re1 Qd7 54.Kg1 d3 55.Rd1 d2 56.Bxe4 fxe4 57.Ng2 Qd3 58.Nf4 Qc2
59.Nd5+ Kg5 60.Ne3 Qd3 61.Nf1 e3 62.fxe3 Qe2 63.Rxd2 Qe1 64.Rf2 Kg6 65.Rf4 Kg5
66.Kg2 Qe2+ 67.Rf2 Qe1 68.Rf4 Qe2+ 69.Kg1 Qe1  1/2-1/2

[Event "Budapest FS10 GM"]
[Site "Budapest"]
[Date "1998.10.06"]
[Round "4"]
[White "Grinshpun, Eduard"]
[Black "Csom, Istvan"]
[Result "1/2-1/2"]
[WhiteElo "2365"]
[BlackElo "2475"]

1.Nf3 c5 2.c4 b6 3.g3 Bb7 4.Bg2 Nf6 5.O-O e6 6.Nc3 Be7 7.d4 cxd4 8.Qxd4 d6
9.Bg5 O-O 10.Rfd1 Nc6 11.Qd2 Qb8 12.Rac1 Rd8 13.e4 h6  1/2-1/2

[Event "Elista ol (Men)"]
[Site "Elista"]
[Date "1998.10.11"]
[Round "12"]
[White "Nogueiras, Jesus"]
[Black "Akesson, Ralf"]
[Result "1/2-1/2"]
[WhiteElo "2510"]
[BlackElo "2510"]

1.Nf3 c5 2.c4 Nf6 3.g3 b6 4.Bg2 Bb7 5.O-O e6 6.Nc3 Be7 7.d4 cxd4 8.Qxd4 d6
9.Bg5 a6 10.Bxf6 Bxf6 11.Qf4 O-O 12.Rad1 Be7 13.Ne4 Bxe4 14.Qxe4 Ra7 15.Nd4 Rc7
16.b3 Re8 17.a4 Bf8 18.Rd2 Rc5 19.Qb1 Qc8 20.e3 Nd7 21.Rc2 g6 22.b4 Rc7 23.Rfc1 Ne5
24.Qb3 Nd7 25.Qb1 Ne5 26.b5 a5 27.Nc6 Nd3 28.Rd1 Nc5 29.Qa2 f5 30.Rcd2 Rf7
31.Qc2 Qc7 32.f4 Kh8 33.e4 fxe4 34.Bxe4 Rf6 35.Bg2 e5 36.fxe5 dxe5 37.Bh3 Rd6
38.Rf1 Rxd2 39.Qxd2 Ne4 40.Qd7 Bc5+ 41.Kg2 Qxd7 42.Bxd7  1/2-1/2

[Event "Elista ol (Men)"]
[Site "Elista"]
[Date "1998.10.12"]
[Round "13"]
[White "Rahman, Ziaur"]
[Black "Hatanbaatar, Bazar"]
[Result "0-1"]
[WhiteElo "2500"]
[BlackElo "2440"]

1.c4 Nf6 2.Nf3 b6 3.g3 Bb7 4.Bg2 c5 5.O-O e6 6.b3 Be7 7.Bb2 d6 8.e3 Nbd7
9.Nc3 O-O 10.d4 cxd4 11.exd4 a6 12.Re1 Re8 13.d5 e5 14.Nd2 Bf8 15.Nf1 h5
16.Bc1 g6 17.Bg5 Qc7 18.Qd2 Bg7 19.Rac1 Nh7 20.Bh6 Bh8 21.f4 f5 22.fxe5 Nxe5
23.h3 Bc8 24.Kh2 Bd7 25.Be3 Nf6 26.Bf4 Nh7 27.Kh1 Rab8 28.Ne2 Nf6 29.Bxe5 dxe5
30.b4 Rbd8 31.a4 Kh7 32.Qa2 Bc8 33.c5 bxc5 34.bxc5 Qf7 35.Nc3 h4 36.d6 Be6
37.Qa3 Bg7 38.Red1 e4 39.c6 Bf8 40.Rb1 Bc8 41.Nb5 axb5 42.axb5 Qe6 43.Qa7+ Kg8
44.b6 Bxd6 45.b7 Bxb7 46.Rxb7 Ra8 47.Qe3 Be7 48.c7 Rac8 49.gxh4 Qc6 50.Qa7 f4
51.Rd8 Kf7 52.Rxe8 Nxe8 53.Rb6 Qc4 54.h5 f3 55.hxg6+ Kg7 56.Qa1+ Bf6 57.Ne3 fxg2+
58.Kh2 Qc5 59.Rxf6 Nxf6  0-1

[Event "NRW Sportland Cup Masters"]
[Site "Senden"]
[Date "1998.10.15"]
[Round "8"]
[White "Glek, Igor V"]
[Black "Bunzmann, Dimitrij"]
[Result "0-1"]
[WhiteElo "2580"]
[BlackElo "2455"]

1.Nf3 e6 2.g3 b6 3.Bg2 Bb7 4.c4 c5 5.O-O Nf6 6.Nc3 a6 7.Re1 d6 8.e4 Qc7 9.d4 cxd4
10.Nxd4 Be7 11.Be3 Nbd7 12.f4 Rc8 13.Bf2 O-O 14.Rc1 Qb8 15.Qe2 Qa8 16.f5 e5
17.Nc2 b5 18.cxb5 axb5 19.Qxb5 Nc5 20.Bxc5 dxc5 21.Qe2 Rfd8 22.Rcd1 c4 23.h3 Bc5+
24.Kh2 Bd4 25.Nb5 Bxb2 26.Nd6 Bc3 27.Nxc8 Rxc8 28.Rf1 Qxa2 29.Rb1 Qa8 30.Qe3 Bxe4
31.Bxe4 Nxe4 32.f6 gxf6 33.Rxf6 Bd2 34.Qf3 Nxf6 35.Qxf6 Qe4 36.Rf1 Rf8 37.Qf5 Qxf5
38.Rxf5 Ra8 39.Rf2  0-1

[Event "Andres Clemente Vazquez mem"]
[Site "Guiines"]
[Date "1998.10.25"]
[Round "12"]
[White "Lopez, Carlos Manuel"]
[Black "Munoz, Hugo"]
[Result "1/2-1/2"]
[WhiteElo "2285"]
[BlackElo "2290"]

1.Nf3 c5 2.c4 e6 3.g3 b6 4.Bg2 Bb7 5.O-O Nf6 6.Nc3 d6 7.d4 cxd4 8.Qxd4 Be7
9.Rd1 a6 10.Ng5 Bxg2 11.Kxg2 Nc6 12.Qf4 Qc7 13.b3 Ne5 14.Bb2 O-O 15.Nge4 Nxe4
16.Nxe4 f5 17.Ng5 Qc6+ 18.f3 Ng6 19.Qd2 Bxg5 20.Qxg5 f4 21.Rd2 Rf5 22.Qg4 Kf7
23.Rad1 Rd8 24.Rd5 Rxd5 25.cxd5 Qc2 26.Qxe6+ Kf8 27.Rc1 Qxb2 28.Rc8 Rxc8
29.Qxc8+ Kf7 30.Qe6+  1/2-1/2

[Event "Trier"]
[Site "Trier"]
[Date "1998.10.26"]
[Round "8"]
[White "Becker, Marc"]
[Black "Sawadkuhi, Massoud Amir"]
[Result "1-0"]
[WhiteElo "2420"]
[BlackElo "2255"]

1.c4 c5 2.Nf3 Nf6 3.g3 b6 4.Bg2 Bb7 5.O-O e6 6.Nc3 Be7 7.d4 cxd4 8.Qxd4 d6
9.Rd1 a6 10.Bg5 Nbd7 11.Qd2 Rc8 12.Bf4 Rxc4 13.Bxd6 Bxd6 14.Qxd6 Qe7 15.Ne5 Qxd6
16.Rxd6 Rc7 17.Bxb7 Rxb7 18.Rad1 Ke7 19.Nc6+ Ke8 20.e4 h5 21.e5 Ng8 22.Ne4 Ne7
23.Rxe6 fxe6 24.Nd6+ Kf8 25.Nxb7 Nd5 26.f4 Ke8 27.Nd6+ Kf8 28.f5 Nc7 29.Nc8  1-0

[Event "Najdorf op"]
[Site "Buenos Aires"]
[Date "1998.10.27"]
[Round "4"]
[White "Poluljahov, Aleksandr"]
[Black "Dorin, Mauricio"]
[Result "1/2-1/2"]
[WhiteElo "2530"]
[BlackElo "2360"]

1.Nf3 Nf6 2.c4 e6 3.g3 b6 4.Bg2 Bb7 5.O-O c5 6.Nc3 Be7 7.Re1 d5 8.cxd5 Nxd5
9.e4 Nxc3 10.bxc3 Nc6 11.d4 Na5 12.Ne5 O-O 13.d5 Bf6 14.f4 Qd6 15.Nxf7 Rxf7
16.e5 Bxe5 17.fxe5 Qd7 18.dxe6 Qxe6 19.Qd6 Qxd6 20.exd6 Bxg2 21.Kxg2 Rd8
22.Bf4 h6 23.h4 Nc4 24.Rad1 Rfd7 25.Rd5 Kf7 26.Rf5+ Kg6 27.Rd5 Kf7 28.g4 Nxd6
29.Red1 Ke6 30.Re5+ Kf7 31.Red5 Ke6 32.Re5+  1/2-1/2

[Event "Cap d'Agde KO"]
[Site "Cap d'Agde"]
[Date "1998.10.30"]
[Round "3.4"]
[White "Gelfand, Boris"]
[Black "Karpov, Anatoly"]
[Result "0-1"]
[WhiteElo "2675"]
[BlackElo "2725"]

1.Nf3 Nf6 2.c4 b6 3.g3 Bb7 4.Bg2 e6 5.O-O c5 6.Nc3 Be7 7.d4 cxd4 8.Qxd4 d6
9.b3 a6 10.Ba3 Nc6 11.Qf4 Qc7 12.Rfd1 Rd8 13.Rac1 Na7 14.e4 O-O 15.Qe3 Nd7
16.e5 Nc5 17.b4 Nd7 18.exd6 Bxd6 19.Ne4 Be7 20.Nd4 Ne5 21.c5 b5 22.Nd6 Bxg2
23.Qxe5 Bf6 24.Qe3 Bd5 25.Bb2 Rd7 26.a3 Nc6 27.Qe2 Ne5 28.Ne4 Bxe4 29.Qxe4 Nc4
30.Ba1 Rfd8 31.Kg2 e5 32.Nxb5 axb5 33.Rxd7 Qxd7 34.c6 Qd6 35.a4 Nd2 36.c7 Nxe4
37.c8=Q Rxc8 38.Rxc8+ Bd8 39.Bxe5 Qd5 40.f3 Qd7 41.Rb8 Qd2+ 42.Kh3 Nf2+ 43.Kg2 Ng4+
44.Kh3 Nxe5  0-1

[Event "Wch U18 Girls"]
[Site "Oropesa del Mar"]
[Date "1998.10.31"]
[Round "6"]
[White "Reizniece, Dana"]
[Black "Goletiani, Rusudan"]
[Result "0-1"]
[WhiteElo "2170"]
[BlackElo "2280"]

1.c4 c5 2.Nf3 b6 3.g3 Bb7 4.Bg2 e6 5.O-O Nf6 6.Nc3 Be7 7.Re1 O-O 8.e4 d6
9.d4 cxd4 10.Nxd4 Qc8 11.b3 a6 12.Bb2 Nbd7 13.Rc1 Re8 14.f4 g6 15.f5 e5 16.Nc2 b5
17.Ne3 bxc4 18.fxg6 hxg6 19.Nxc4 Qb8 20.Ba3 Nc5 21.Rc2 Rd8 22.Rd2 Qa7 23.Kh1 Rac8
24.Nxd6 Bxd6 25.Rxd6 Rxd6 26.Qxd6 Ncd7 27.Rf1 Kg7 28.Bb2  0-1

[Event "Wch U18"]
[Site "Oropesa del Mar"]
[Date "1998.11.03"]
[Round "8"]
[White "Bursteinas, Romanas"]
[Black "Smetankin, Stanislav"]
[Result "0-1"]
[WhiteElo "2295"]
[BlackElo "2395"]

1.c4 b6 2.g3 Bb7 3.Nf3 c5 4.Bg2 Nf6 5.O-O e6 6.Nc3 Be7 7.Re1 O-O 8.e4 d6
9.d4 cxd4 10.Nxd4 Qc7 11.Be3 a6 12.Rc1 Nbd7 13.f4 Rfe8 14.Bf2 Bf8 15.g4 g6
16.h3 h6 17.Qd2 Rac8 18.b3 Nh7 19.Red1 Qb8 20.Nde2 Rc7 21.Ng3 Ba8 22.Nce2 Bc6
23.Bf1  0-1

[Event "SLO-chT"]
[Site "Bled"]
[Date "1998.11.08"]
[Round "2"]
[White "Tratar, Marko"]
[Black "Mazi, Leon"]
[Result "1/2-1/2"]
[WhiteElo "2450"]
[BlackElo "2415"]

1.Nf3 Nf6 2.c4 e6 3.g3 b6 4.Bg2 Bb7 5.O-O c5 6.Nc3 Be7 7.Re1 d6 8.e4 Nbd7
9.d4 cxd4 10.Nxd4 Qc7 11.Be3 a6 12.f4 g6 13.e5 dxe5 14.fxe5 Nh5 15.Bxb7 Qxb7
16.Qf3 Qxf3 17.Nxf3 Rc8 18.Bh6 Bf8 19.Bxf8 Kxf8 20.b3 Ke7 21.Ne4 h6 22.Rad1 g5
23.Nf2 Ng7 24.g4 Rc7 25.Ne4 Rb8 26.Rd4 Ne8 27.Kf2 Nf8 28.h4 gxh4 29.Nxh4 Nd7
30.Nf3 Ng7 31.Rh1 Rh8 32.Ng3 Rc5 33.Ne4 Rc7 34.Ng3 Rc5 35.Re1 Rc7 36.Rd2 Nc5
37.Ne4 Nxe4+ 38.Rxe4 h5 39.gxh5 Rxh5 40.Rd6 Rb7 41.Rc6 Nf5 42.b4 Rh3 43.b5 axb5
44.cxb5 Ra7 45.a4 Rd7 46.Rec4 f6 47.exf6+ Kxf6 48.Re4 Rxf3+ 49.Kxf3 Nd4+
50.Rxd4 Rxd4 51.Rxb6  1/2-1/2

[Event "Oberliga Sued W9899"]
[Site "Wuertemberg"]
[Date "1998.11.08"]
[Round "2"]
[White "Hoensch, Matthias"]
[Black "Jurek, Josef"]
[Result "1-0"]
[WhiteElo "2315"]
[BlackElo "2390"]

1.Nf3 Nf6 2.c4 b6 3.g3 c5 4.Bg2 Bb7 5.O-O e6 6.Nc3 Be7 7.d4 cxd4 8.Qxd4 d6
9.Bg5 a6 10.Rfd1 Nbd7 11.Bxf6 Nxf6 12.Na4 Rb8 13.c5 dxc5 14.Qe5 Bd5 15.e4 Nxe4
16.Qxg7 Bf6 17.Qh6 b5 18.Ne1 Nxf2 19.Kxf2 bxa4 20.Bxd5 Rxb2+ 21.Kf1 exd5
22.Nd3 Rxh2 23.Re1+ Kd7 24.Qxh2 Bxa1 25.Qc2 Qf6+ 26.Kg2 c4 27.Qxa4+ Kc7 28.Nb4 Rd8
29.Qa5+ Kc8 30.Qc5+ Kd7 31.Re7+  1-0

[Event "SLO-chT"]
[Site "Bled"]
[Date "1998.11.11"]
[Round "5"]
[White "Velickovic, Zoran"]
[Black "Rusjan, Miran"]
[Result "1/2-1/2"]
[WhiteElo "2290"]
[BlackElo "2205"]

1.Nf3 Nf6 2.g3 b6 3.Bg2 Bb7 4.O-O c5 5.c4 e6 6.Nc3 Be7 7.Re1 d6 8.e4 e5 9.Nh4 g6
10.d3 Nfd7 11.f4 Bxh4 12.gxh4 Nc6 13.Rf1 Nd4 14.Ne2 Nxe2+ 15.Qxe2 Qxh4 16.Be3 Qe7
17.f5 f6 18.a3 g5 19.Bf3 Nb8 20.Bh5+ Kd7 21.b4 Nc6 22.Rfb1 Nd4 23.Qd1 Bc6
24.b5 Bb7 25.a4 Kc7 26.a5 Rhb8 27.Ra2 Rg8 28.h3 Qd7 29.Rba1 Qg7 30.Ra3 Rgb8
31.R1a2 Qf8 32.Qa1 Qg8 33.Bg4 Qe8 34.Qd1 Qf7 35.Bh5 Qf8 36.Qa1 Qg8 37.Qd1 Qg7
38.Qa1 Qf8 39.Qd1 Qe7  1/2-1/2

[Event "Tanta op"]
[Site "Tanta"]
[Date "1998.11.17"]
[Round "2"]
[White "Abou el Zein, Eid Mahmoud"]
[Black "Meged, Elsdayed A"]
[Result "1-0"]
[WhiteElo "2325"]
[BlackElo "2250"]

1.Nf3 Nf6 2.c4 e6 3.g3 b6 4.Bg2 Bb7 5.O-O c5 6.Nc3 Be7 7.Re1 d5 8.cxd5 exd5
9.d4 O-O 10.h3 Nbd7 11.Be3 c4 12.a3 a6 13.Nd2 b5 14.Qc2 Bd6 15.g4 Nb6 16.Bf3 Re8
17.Kg2 Bc6 18.Bg5 h6 19.Bh4 g5 20.Bg3 Bxg3 21.fxg3 a5 22.Nf1 b4 23.Nd1 Ba4
24.Qc1 Bxd1 25.Rxd1 Ne4 26.Ne3 b3 27.Nf5 Qf6 28.h4 Na4 29.hxg5 hxg5 30.Rh1 Rad8
31.Rh6 Qxf5 32.gxf5 Kg7 33.Bxe4 Kxh6 34.Qh1+ Kg7 35.f6+ Kxf6 36.Qh6+ Ke7
37.Qxg5+ f6 38.Qg7+ Kd6 39.Qxf6+ Kc7 40.Qf7+ Rd7 41.Qxe8 dxe4 42.Rf1 Nxb2
43.Qe5+ Kb7 44.Qb5+ Kc7 45.Qxa5+ Kb7 46.Qb5+ Kc7 47.Qc5+ Kb7 48.Rf8  1-0

[Event "Tanta op"]
[Site "Tanta"]
[Date "1998.11.22"]
[Round "6"]
[White "Hamed, Ahmed"]
[Black "Ahmed, Esam Aly"]
[Result "1/2-1/2"]
[WhiteElo "2320"]
[BlackElo "2335"]

1.Nf3 b6 2.g3 Bb7 3.Bg2 Nf6 4.O-O e6 5.c4 c5 6.Na3 Be7 7.Nc2 O-O 8.d4 Be4
9.Ne3 d5 10.cxd5 Nxd5 11.Nxd5 Qxd5 12.dxc5 Bxc5 13.Qxd5 Bxd5 14.Ne5 Bxg2
15.Kxg2 Bd4 16.Nd3 Rd8 17.Bf4 Na6 18.Rfd1 f6 19.e3 Bxb2 20.Nxb2 e5 21.Bxe5 fxe5
22.Nc4 e4 23.Nd6 Nc5 24.Rd4 Rd7 25.Rad1 Rad8 26.Nb5 Rxd4 27.Rxd4 Rf8 28.Nd6 Rd8
29.Nb5  1/2-1/2

[Event "BEL-chT9899"]
[Site "Antwerp"]
[Date "1998.12.06"]
[Round "4"]
[White "Sadkowsky, Daniel"]
[Black "Gommers, Ralf"]
[Result "1-0"]
[WhiteElo "2280"]
[BlackElo "2338"]

1.Nf3 c5 2.c4 b6 3.g3 Bb7 4.Bg2 Nf6 5.O-O e6 6.d4 cxd4 7.Nxd4 Bxg2 8.Kxg2 a6
9.Nc3 Qc7 10.Bg5 Qxc4 11.Rc1 Bc5 12.Bxf6 gxf6 13.e3 Bxd4 14.exd4 Nc6 15.d5 Ne5
16.f4 Ng6 17.Qf3 O-O 18.Ne4 Qd4 19.Rcd1 Qxb2+ 20.Rf2 Qb4 21.Nxf6+ Kg7 22.Nxd7 Rfd8
23.dxe6 fxe6 24.Rfd2 Ra7 25.Qe3 Qe7 26.Nxb6 Rxd2+ 27.Rxd2 Rc7 28.Qd4+ Kh6
29.f5 Nf8 30.h4 Rc1 31.fxe6 Qxe6 32.Nd5 Re1 33.Nf4 Qe7 34.Qd6+ Kg7 35.Qxe7+ Rxe7
36.Rd6 Ra7 37.h5 Nd7 38.g4 Nf6 39.Kf3 Kf7 40.g5 Ne8 41.Rc6 a5 42.a4 Ke7 43.Nd5+ Kf8
44.Rc8 Kf7 45.g6+ hxg6 46.hxg6+ Ke6 47.Rxe8+ Kxd5 48.Kf4 Kc5 49.Kf5 Rd7 50.Kf6 Rd1
51.g7 Rf1+ 52.Ke7  1-0

[Event "ROM-ch (Women)"]
[Site "Sovata"]
[Date "1998.12.10"]
[Round "7"]
[White "Foisor, Cristina Adela B"]
[Black "Caravan, Mariana"]
[Result "1/2-1/2"]
[WhiteElo "2405"]
[BlackElo "2125"]

1.Nf3 c5 2.g3 b6 3.Bg2 Bb7 4.c4 Nf6 5.O-O e6 6.Nc3 Be7 7.Re1 d6 8.e4 a6 9.d4 cxd4
10.Nxd4 Qc7 11.Be3 Nbd7 12.Rc1 O-O 13.f4 Rfe8 14.Bf2 h5 15.h3 g6 16.Qd2 Bf8
17.b3 Rad8 18.Nf3 Qb8 19.Ng5 Ba8 20.Qe2 Nh7 21.Nf3 Bg7 22.Rc2 Nhf6 23.Ng5 Nh7
24.Nxh7 Kxh7 25.Be3 Bc6 26.Qf2 Kg8 27.Bd4 Bh6 28.b4 b5 29.cxb5 axb5 30.Nb1 Qa8
31.Nd2 Rc8 32.Nb3 e5 33.Ba1 h4 34.fxe5 hxg3 35.Qxg3 Nxe5 36.h4 Qa7+ 37.Bd4 Qe7
38.Rf2 Bd7 39.Ref1 Rf8 40.Rf6 Bg7 41.R6f2 Bh6 42.h5 Qg5 43.Qxg5 Bxg5 44.hxg6 fxg6
45.Rxf8+ Rxf8 46.Rxf8+ Kxf8  1/2-1/2

[Event "ROM-ch"]
[Site "Bucuresti"]
[Date "1998.12.13"]
[Round "6"]
[White "Badea, Bela"]
[Black "Cosma, Ioan"]
[Result "1/2-1/2"]
[WhiteElo "2530"]
[BlackElo "2475"]

1.c4 c5 2.g3 e6 3.Nf3 b6 4.Bg2 Bb7 5.O-O Nf6 6.Nc3 d6 7.d3 a6 8.e4 Nbd7 9.Be3 Be7
10.h3 O-O  1/2-1/2

[Event "ROM-ch"]
[Site "Bucuresti"]
[Date "1998.12.13"]
[Round "6"]
[White "Ionescu, Constantin"]
[Black "Marin, Mihail"]
[Result "1/2-1/2"]
[WhiteElo "2515"]
[BlackElo "2530"]

1.Nf3 Nf6 2.c4 c5 3.g3 b6 4.Bg2 Bb7 5.O-O e6 6.Nc3 a6 7.b3 Be7 8.Bb2 O-O
9.e3 Qc7 10.d4 cxd4 11.Nxd4 Bxg2 12.Kxg2 Nc6 13.Nxc6  1/2-1/2

[Event "GRE-ch 48th"]
[Site "Athens"]
[Date "1998.12.20"]
[Round "8"]
[White "Grivas, Efstratios"]
[Black "Papaioannou, Ioannis"]
[Result "0-1"]
[WhiteElo "2520"]
[BlackElo "2520"]

1.Nf3 Nf6 2.c4 c5 3.g3 b6 4.Bg2 Bb7 5.O-O e6 6.Nc3 Be7 7.d4 cxd4 8.Qxd4 d6
9.Bg5 a6 10.Bxf6 Bxf6 11.Qd3 Ra7 12.Rfd1 Be7 13.Ne4 O-O 14.Rd2 Ba8 15.Rad1 Rd7
16.Nd4 Bb7 17.Nc3 Bxg2 18.Kxg2 Qc7 19.b3 Rc8 20.Qe4 Bf6 21.Rd3 Rdd8 22.Qe3 Nc6
23.Nxc6 Qxc6+ 24.Kg1 b5 25.Ne4 Be7 26.Rd4 bxc4 27.bxc4 h6 28.Qd3 Rc7 29.Qd2 e5
30.Rd5 Qxc4 31.Qe3 Rc6 32.Qf3 Qxa2 33.h4 Qc4 34.R1d3 Qb4 35.Kg2 Rc1 36.Nd2 Qb8
37.h5 Rc5 38.Ne4 Rxd5 39.Rxd5 Qc8 40.g4 Qc6 41.Ng3 Rb8 42.e4 Rb1 43.Rd3 g6
44.Rc3 Qd7 45.Qe2 Rb6 46.hxg6 fxg6 47.Qe3 Rc6 48.Rxc6 Qxc6 49.Qxh6 d5 50.exd5 Qxd5+
51.f3 Qa2+ 52.Kh3 Qe6 53.Qe3 Kf7 54.Qc3 Qd5 55.Ne4 a5 56.Qc7 a4 57.Ng5+ Kf8
58.Ne4 a3 59.Qa7 Qd1 60.Kg3 Qe1+ 61.Kg2 Qe2+ 62.Kg3 a2 63.Qb8+ Kf7 64.Qb3+ Kg7
65.Qe6 Bh4+ 66.Kh3 a1=Q 67.Qd7+ Kh6  0-1

[Event "Lohmar 9899"]
[Site "Lohmar"]
[Date "1998.12.26"]
[Round "1"]
[White "Grimm, Sascha"]
[Black "Kaeser, Udo"]
[Result "1-0"]
[WhiteElo "2295"]
[BlackElo "2290"]

1.c4 e6 2.Nf3 c5 3.g3 b6 4.Bg2 Bb7 5.O-O Nf6 6.b3 Be7 7.Bb2 O-O 8.e3 d5 9.Nc3 dxc4
10.bxc4 Nc6 11.Qe2 Qc8 12.Rfd1 Rd8 13.Rab1 Na5 14.d3 Ne8 15.Ba1 Bf6 16.g4 g6
17.Ne1 Bxg2 18.Nxg2 Nc6 19.f4 Nd6 20.h4 Bg7 21.h5 Ne7 22.Kf2 e5 23.h6 Bxh6
24.fxe5 Ne8 25.Ne4 Nc6 26.Rh1 Bf8 27.Nf4 Qc7 28.Nf6+ Nxf6 29.exf6 h6 30.Nd5 Qd6
31.g5 Qe6 32.gxh6 Ne5 33.h7+ Kh8 34.Bxe5 Qxe5 35.Qf3 Rac8 36.Qf4 Bd6 37.Qxe5 Bxe5
38.Ke2 Rc6 39.Rhf1 Re6 40.a4 Bd4 41.Kd2 Be5 42.Rf3 Rdd6 43.Rbf1 Rc6 44.Rh1 Rcd6
45.Rh4 Bxf6 46.Rhf4 Bg7 47.Rxf7 g5 48.Rxa7 g4 49.Rff7 Rg6 50.Ne7 Rgf6 51.Rxg7 Kxg7
52.Ng6+ Kxg6 53.h8=Q Rf2+ 54.Kc3 Rdf6  1-0

[Event "Stavanger op 9899"]
[Site "Stavanger"]
[Date "1998.12.27"]
[Round "3"]
[White "Gronn, Atle"]
[Black "Egeli, Per Ove"]
[Result "1/2-1/2"]
[WhiteElo "2310"]
[BlackElo "2330"]

1.Nf3 Nf6 2.c4 c5 3.g3 b6 4.Bg2 Bb7 5.O-O e6 6.Nc3 d6 7.Re1 Be7 8.e4 e5 9.d3 Nfd7
10.Nd5 Nc6 11.a3 Nf8 12.b4 Ne6 13.Rb1 O-O 14.Bb2 Ned4 15.Nd2 Bc8 16.b5 Nb8
17.f4 Nd7 18.Nf3 Bb7 19.Bh3 Bxd5 20.exd5 Nxf3+ 21.Qxf3 exf4 22.Bxg7 Kxg7
23.Qg4+ Kh8 24.Qxd7 Bg5 25.gxf4 Bxf4 26.Qxd8 Rfxd8 27.Re7 Rg8+ 28.Kh1 Be5
29.Rxf7 Raf8 30.Rbf1 Rxf7 31.Rxf7 Bd4 32.Rf1 Rg5 33.Be6 Rg6 34.Rf8+ Kg7 35.Rf7+ Kh6
36.h3 Rg7 37.Rf8 Rg6 38.Rd8 Be5 39.a4 Kg5 40.Kg2 Kf4+ 41.Kf2 Bd4+ 42.Ke2 Rg2+
43.Kd1 Rg1+ 44.Ke2 Rg2+ 45.Kd1 Rg1+ 46.Kc2 Rg2+ 47.Kb3 Ke3 48.Rxd6 Rb2+ 49.Ka3 Kd2
50.Rd8 Kc2 51.Rg8 Rb3+ 52.Ka2  1/2-1/2

[Event "Danube op"]
[Site "Aschach"]
[Date "1998.12.28"]
[Round "4"]
[White "Knoll, Hermann"]
[Black "Brandstaetter, Friedrich"]
[Result "1/2-1/2"]
[WhiteElo "2325"]
[BlackElo "2135"]

1.Nf3 Nf6 2.c4 c5 3.g3 b6 4.Bg2 Bb7 5.O-O e6 6.Nc3 Be7 7.d4 cxd4 8.Qxd4 d6
9.Rd1 a6 10.b3 Nbd7 11.Bb2 O-O 12.e4 Qc7 13.Rac1 Rac8 14.Qe3 Rfe8 15.Nd4 Bf8
16.Qd2 Qb8 17.Re1 Nc5 18.Re2 Rcd8 19.Rce1 Ba8 20.b4 Ncd7 21.f4 Ne5 22.fxe5 dxe5
23.Nd5 exd5 24.Nf5 Nxe4 25.Qc1 f6 26.cxd5 Nd6 27.Nxd6 Qxd6 28.a3 Rc8 29.Rc2 Rxc2
30.Qxc2 Bb7 31.Be4 Rc8 32.Qd3 g6 33.g4 b5 34.Rc1 Bh6 35.Rxc8+ Bxc8 36.h3 Bb7
37.Kf1 Kf7 38.Bc3 Bg7 39.Bd2 f5 40.gxf5 gxf5 41.Qf3 f4 42.Be3 Qh6 43.Bc5 Bc8
44.Kg2 Qg5+ 45.Kf1 Qh4 46.Kg2 Qg5+ 47.Kf1 Qh4 48.Kg2  1/2-1/2

[Event "Danube op"]
[Site "Aschach"]
[Date "1998.12.31"]
[Round "7"]
[White "Hellmayr, Alois"]
[Black "Kaiser, Wolfgang"]
[Result "0-1"]
[WhiteElo "2240"]
[BlackElo "2395"]

1.Nf3 Nf6 2.g3 b6 3.Bg2 Bb7 4.O-O c5 5.c4 e6 6.b3 d6 7.d4 Nbd7 8.Nc3 a6 9.Re1 cxd4
10.Qxd4 Be7 11.Ba3 Nc5 12.Rad1 O-O 13.Ng5 Bxg2 14.Kxg2 Qc7 15.Kg1 h6 16.Nf3 Qb7
17.Nd2 b5 18.Bxc5 dxc5 19.Qf4 Rfd8 20.Nde4 Nxe4 21.Nxe4 f5 22.Nc3 Bf6 23.Qe3 Qc6
24.Rxd8+ Rxd8 25.Rd1 Rd4 26.cxb5 axb5 27.Qc1 Kf7 28.e3 Rxd1+ 29.Nxd1 c4 30.bxc4 bxc4
31.Qc2 c3 32.e4 fxe4 33.h4 Bd4 34.h5 Ke7 35.Kh2 Qc5 36.g4 Qe5+ 37.Kh3 Qf4
38.Qb3 Qf3+ 39.Kh2 Be5+ 40.Kg1 Qxg4+ 41.Kf1 Qh3+ 42.Ke1 Qh1+ 43.Ke2 Qxh5+
44.Ke1 Qh1+ 45.Ke2 Qf3+ 46.Ke1 Qd3 47.Ne3 c2  0-1

[Event "AUT-chT2O 9798"]
[Site "Austria"]
[Date "1998.??.16"]
[Round "7"]
[White "Baumgartner, Heinz"]
[Black "Hofmair, Klaus"]
[Result "1/2-1/2"]
[WhiteElo "2295"]
[BlackElo "2275"]

1.Nf3 Nf6 2.g3 b6 3.Bg2 Bb7 4.O-O e6 5.c4 c5 6.Nc3 Be7 7.Re1 O-O 8.e4 d6
9.d4 cxd4 10.Nxd4 Qc8 11.b3 a6 12.Bb2 Nbd7 13.Rc1 Qc7 14.h3 Rac8 15.f4 Rfe8
16.Kh2 h6 17.Qd2 Rcd8 18.Nc2 Qb8 19.Rcd1 Qa8 20.Qe2 Bf8 21.Rd2 Bc6 22.g4 d5
23.e5 Ne4 24.Nxe4 dxe4 25.Bxe4 Bxe4 26.Qxe4 Qxe4 27.Rxe4 Nxe5  1/2-1/2

[Event "BEL-chT 9798"]
[Site "Antwerp"]
[Date "1998.??.??"]
[Round "8"]
[White "Hausrath, Daniel"]
[Black "Lemmers, Oscar"]
[Result "1-0"]
[WhiteElo "2400"]
[BlackElo "2365"]

1.Nf3 Nf6 2.g3 b6 3.Bg2 Bb7 4.O-O c5 5.c4 e6 6.Nc3 a6 7.Re1 d6 8.e4 Nbd7
9.d4 cxd4 10.Nxd4 Qc7 11.Be3 Be7 12.Rc1 O-O 13.f4 Rfe8 14.Bf2 g6 15.e5 dxe5
16.fxe5 Nh5 17.Bxb7 Qxb7 18.Qf3 Qc7 19.g4 Ng7 20.Qc6 Rac8 21.Qxc7 Rxc7 22.b3 Rec8
23.a4 Ne8 24.Re2 Rb7 25.Rd1 Bb4 26.Na2 Bf8 27.Nc3 Nc5 28.Kg2 Rd7 29.Rb2 Rcd8
30.Rbb1 a5 31.Bh4 Rc8 32.Ncb5 Nc7 33.Na7 Ra8 34.Nac6 N7a6 35.Bf6 Rc8 36.Kf3 Rdc7
37.g5 Nd7 38.Nb5 Rxc6 39.Rxd7 Re8 40.Rd3 Nc5 41.Rd2 h6 42.h4 Na6 43.h5 hxg5
44.hxg6 fxg6 45.Rh1 g4+ 46.Kxg4 Nc5 47.Rh8+ Kf7 48.Rh7+ Kg8 49.Rdh2 Ra8 50.Rh8+ Kf7
51.R2h7+ Ke8 52.Re7+  1-0

[Event "Bad Zwesten op"]
[Site "Bad Zwesten"]
[Date "1998.??.??"]
[Round "7"]
[White "Thiel, Kuno"]
[Black "Arbakov, Valentin"]
[Result "0-1"]
[WhiteElo "2325"]
[BlackElo "2475"]

1.Nf3 c5 2.c4 Nf6 3.g3 b6 4.Bg2 Bb7 5.O-O e6 6.Nc3 Be7 7.d4 cxd4 8.Qxd4 O-O
9.Bg5 h6 10.Bxf6 Bxf6 11.Qd3 Na6 12.Rad1 Rc8 13.Nb5 Nc5 14.Qa3 Rb8 15.Nd6 Bc6
16.b4 Ne4 17.b5 Ba8 18.Qxa7 Nxd6 19.Rxd6 Rb7 20.Qa4 Qb8 21.Rfd1 Ra7 22.Qb3 Bd5
23.R1xd5 exd5 24.Rxf6 gxf6 25.Bh3 Re8 26.Qd3 Rxa2 27.e3 Qd6 28.Qd4 Re4 29.Qxd5 Qxd5
30.cxd5 Rb4 31.Bxd7 Rbb2 32.Be8 Rxf2 33.d6 Rfc2 34.Ne1 Rc1 35.Kf1 Raa1 36.d7 Rxe1+
37.Kf2 Red1  0-1

[Event "Berliner Sommer 16th"]
[Site "Berlin"]
[Date "1998.??.??"]
[Round "3"]
[White "Beckhuis, Gernod"]
[Black "Ruzele, Darius"]
[Result "0-1"]
[WhiteElo "2245"]
[BlackElo "2475"]

1.Nf3 Nf6 2.c4 b6 3.g3 Bb7 4.Bg2 c5 5.O-O e6 6.Nc3 a6 7.Re1 d6 8.e4 Qc7 9.d4 cxd4
10.Nxd4 Be7 11.f4 O-O 12.Be3 Nc6 13.Rc1 Nxd4 14.Bxd4 Nd7 15.b3 Rfd8 16.Rc2 Rac8
17.Rd2 Qb8 18.a4 Bc6 19.Bf1 Re8 20.Bf2 Bf6 21.Na2 Be7 22.Nb4 Bb7 23.Na2 Nc5
24.Bg2 Red8 25.Bd4 Nd7 26.Nc3 Bc6 27.Bf1 Re8 28.Qg4 Nf6 29.Qd1 Nd7 30.Qg4 Nf6
31.Qd1 Bd8 32.e5 dxe5 33.fxe5 Nd7 34.Bd3 Be7 35.Rf2 Rf8 36.Qh5 g6 37.Qh6 Nc5
38.Bc2 Rcd8 39.Ne2 Ba8 40.h4 Qb7 41.Rh2 Rfe8 42.h5 Bf8 43.Qf4 a5 44.Rf1 Qe7
45.Be3 Bg7 46.Nd4 Nd7 47.Nf3 Bxf3 48.Qxf3 Nxe5 49.Qe2 Nd7 50.hxg6 hxg6 51.Qg4 Rf8
52.Qh3 f5 53.g4 Be5 54.Rh1 Rf7 55.Qh6 Nf8 56.Bxb6 Rh7 57.Qe3 Rxh1+ 58.Kxh1 Qh4+
59.Kg2 Qxg4+ 60.Kf2 Bg3+ 61.Qxg3 Rd2+ 62.Ke3 Qxg3+  0-1